| 000 | 00573nam a2200181 i 4500 | ||
|---|---|---|---|
| 001 | 79056 | ||
| 003 | ES-MaACL | ||
| 005 | 20251019063047.0 | ||
| 007 | t| | ||
| 008 | 041019s1970 sp ||||1| spa d | ||
| 100 | 1 |
_aHemingway, Ernest, _d1899-1961 _9242377 |
|
| 245 | 1 | 0 |
_aAl otro lado del río y entre los árboles _b: novela / _cErnest Hemingway ; [traducción, Manuel Gurrea]. |
| 260 |
_aBarcelona : _bPlaneta, _c[1970] |
||
| 300 |
_a308 p. ; _c20 cm. |
||
| 700 | 1 |
_aGurrea, Manuel. _960995 |
|
| 852 |
_aES-MaACL _jC-39937 _bR.75624 |
||
| 999 |
_c79056 _d79056 |
||